Paying a premium for the past (Record no. 82789)

MARC details
000 -LEADER
fixed length control field 00834cam a22001935a 4500
001 - CONTROL NUMBER
control field L151381
008 - FIXED-LENGTH DATA ELEMENTS--GENERAL INFORMATION
fixed length control field 101029e20100925xxk 000 0 eng d
035 ## - SYSTEM CONTROL NUMBER
System control number (Sirsi) u151381
041 0# - LANGUAGE CODE
Language code of text/sound track or separate title eng
100 1# - MAIN ENTRY--PERSONAL NAME
Personal name Douch, Clinton
245 00 - TITLE STATEMENT
Title Paying a premium for the past
260 ## - PUBLICATION, DISTRIBUTION, ETC.
Date of publication, distribution, etc. 2010
490 ## - SERIES STATEMENT
Series statement Estates Gazette
Volume/sequential designation (1038) 25 September 2010, 104(1)
520 ## - SUMMARY, ETC.
Summary, etc. Warns insurers are now less willing to offer surveyors professional indemnity insurance. Some surveyors may have put themselves at risk by going beyond their area of core competency in order to assist cost-pressured clients and mentions that firms that have voluntarily opted for an increased excess to save premium could be at risk.
590 ## - LOCAL NOTE (RLIN)
Local note KA
651 #4 - SUBJECT ADDED ENTRY--GEOGRAPHIC NAME
Geographic name United Kingdom
Chronological subdivision
690 ## - LOCAL SUBJECT ADDED ENTRY--TOPICAL TERM (OCLC, RLIN)
Topical term or geographic name as entry element MANAGEMENT-BUSINESS MANAGEMENT-PROFESSIONAL PRACTICE
942 ## - ADDED ENTRY ELEMENTS (KOHA)
Suppress in OPAC 0
Holdings
Withdrawn status Lost status Source of classification or shelving scheme Damaged status Not for loan Home library Current library Shelving location Date acquired Total Checkouts Full call number Barcode Date last seen Copy number Price effective from Koha item type
    Dewey Decimal Classification     London London Journal article 29/10/2010   L151381 151381-1001 06/08/2019 1 06/08/2019 Journal article